UM Logo

International relations : (Record no. 19614)

MARC details
000 -LEADER
fixed length control field 00675nam a22001817a 4500
008 - FIXED-LENGTH DATA ELEMENTS--GENERAL INFORMATION
fixed length control field 240312b ||||| |||| 00| 0 eng d
020 ## - INTERNATIONAL STANDARD BOOK NUMBER
International Standard Book Number 0-394-36877-0
082 ## - DEWEY DECIMAL CLASSIFICATION NUMBER
Item number 1988
100 ## - MAIN ENTRY--PERSONAL NAME
Personal name Pearson, Frederick S.
9 (RLIN) 54387
245 ## - TITLE STATEMENT
Title International relations :
Remainder of title the global condition in the late twentieth century /
Statement of responsibility, etc. Frederic S. Pearson and J. Martin Rochester
250 ## - EDITION STATEMENT
Edition statement 2nd edition.
260 ## - PUBLICATION, DISTRIBUTION, ETC. (IMPRINT)
Place of publication, distribution, etc. New York :
Name of publisher, distributor, etc. Newbery award records, Inc.,
Date of publication, distribution, etc. ©1988.
300 ## - PHYSICAL DESCRIPTION
Extent xvii, 620 pages :
Other physical details illustrations ;
Dimensions 23 cm.
500 ## - GENERAL NOTE
General note Includes bibliography and index.
650 ## - SUBJECT ADDED ENTRY--TOPICAL TERM
Topical term or geographic name as entry element International relations.
9 (RLIN) 54741
700 ## - ADDED ENTRY--PERSONAL NAME
Personal name Rochester, J. Martin.
Relator term author.
9 (RLIN) 54388
942 ## - ADDED ENTRY ELEMENTS (KOHA)
Source of classification or shelving scheme Dewey Decimal Classification
Koha item type Circulation
Holdings
Withdrawn status Lost status Source of classification or shelving scheme Damaged status Not for loan Collection code Home library Current library Shelving location Date acquired Source of acquisition Total Checkouts Full call number Barcode Date last seen Date last checked out Price effective from Koha item type
    Dewey Decimal Classification     Circulation UM Digos College - LIC UM Digos College - LIC Book Cart 03/12/2024 Purchased 1 DC 327 P31 1988 11845 10/07/2024 10/02/2024 03/12/2024 Circulation